| 000 | 00575nam a2200157 i 4500 | ||
|---|---|---|---|
| 001 | 69226 | ||
| 003 | ES-MaACL | ||
| 005 | 20230906170451.0 | ||
| 007 | t| | ||
| 008 | 040921s1908 sp |||| | spa d | ||
| 100 | 1 |
_aL'Hotellerie Falloise, Manuel de. _9149377 |
|
| 245 | 1 | 0 |
_aDos héroes y un traidor _b: boceto dramático en un acto y tres cuadros, y en verso / _coriginal de Manuel de L'hotellerie Falloise. |
| 260 |
_aMadrid : _bSociedad de Autores Españoles, _c1908. |
||
| 300 |
_a46 p. ; _c22 cm. |
||
| 852 |
_aES-MaACL _jT-1219-F-9 _z. - Dedicatoria autógrafa del autor |
||
| 999 |
_c69226 _d69226 |
||